Star Wars Trivia - Rogue One - Statistics

General Stats
  • This quiz has been taken 39 times
  • The average score is 14 of 20
Answer Stats
Hint Answer % Correct
What man played a vital role in the building of the Death Star and who also helped the rebellion destroy it? Galen Erso
100%
Who is the main antagonist in the movie? Orson Krennic
97%
And on what planet is that building located? Mustafar
94%
What is the name of the resistance fighter, often seen as an extremist, who dies on the planet Jedha? Saw Gerrera
91%
Finnish the quote: "The _____ is with me, and i'm one with the _____" Force
88%
On which planet were the plans for the Death Star stored? Scarif
88%
What is the name of the droid that was part of the Rogue One team? K-2SO
85%
And who was that droid originally made to serve? The Empire
85%
In what building did the above meet with Darth Vader? Fortress Vader
82%
And what was that planet covered by, that made it so hard to enter? a planetary deflector shield
73%
Finnish the quote: "Be careful not to choke on your ___________, Director." aspirations
73%
What is the name of the elite variant of stormtroopers whos suits are black? Death Troopers
73%
And who got that idea? Admiral Raddus
70%
What spacecraft was used to push one Star Destroyer into another causing a chain reaction that ultimately led to the Death Star plans being transmitted to the rebellion Sphyrna-class Hammerhead corvette
64%
And what did the above pick up from the ground in the flashbacks? Stormtrooper toy doll
61%
On what planet was Cassian Andor ready to kill the above with a sniper rifle? Eadu
58%
What's the name of the purple-skinned Mairan that tortured Bodhi Rook on Jedha Bor Gullet
48%
What is the nickname of the two twins part of the above's group? Two Tubes
39%
Finnish the quote: "Lies!, __________!" Deceptions
36%
What project was also stored on that planet, and which is suspected to be the iconic Darksaber? Black-Saber
30%
No matching quizzes found
Score Distribution
Percent of People with Each Score
Percentile by Number Answered
Your Score History
You have not taken this quiz